[Event "Steinfurt Bezirksklasse 1617"]
[Site "Germany"]
[Date "2017.05.27"]
[Round "10.4"]
[White "Hillenkoetter, Albert"]
[Black "Stroot, Helmut"]
[Result "1-0"]
[WhiteElo "1355"]
[BlackElo "1227"]
[PlyCount "86"]
[EventDate "2016.09.17"]
[EventType "team"]
[EventRounds "10"]
[EventCountry "GER"]
[SourceTitle "EXT 2018"]
[Source "ChessBase"]
[SourceDate "2017.10.13"]
[SourceVersion "1"]
[SourceVersionDate "2017.10.13"]
[SourceQuality "1"]
[WhiteTeam "Nordwalde II"]
[BlackTeam "Rheine CC"]
[WhiteTeamCountry "GER"]
[BlackTeamCountry "GER"]

1. d4 e6 2. c4 Bb4+ 3. Bd2 a5 4. e3 Nf6 5. Bd3 b6 6. Qc2 Bb7 7. f3 d5 8. Bxb4 axb4 9. c5 Ba6 10. Qa4+ c6 11. Bxa6 b5 12. Qxb4 Nxa6 13. Qd2 b4 14. a4 Qb8 15. b3 0-0 16. Ne2 e5 17. 0-0 Re8 18. Ng3 e4 19. f4 Re6 20. Qe2 Nc7 21. Nd2 g6 22. f5 Re7 23. fxg6 Nce8 24. Nf5 Rea7 25. gxf7+ Rxf7 26. Nh6+ Kf8 27. Nxf7 Kxf7 28. Qh5+ Ke7 29. Qg5 Qc8 30. Rf5 Qa6 31. Qf4 Qe2 32. Qf2 Qg4 33. Rf1 Qg6 34. Qf4 h5 35. Rg5 Qf7 36. Re5+ Kd7 37. Qf5+ Kc7 38. Rxe8 Rxe8 39. Qxf6 Qxf6 40. Rxf6 Rg8 41. Rh6 Rg5 42. g3 Rf5 43. Kg2 Rf3 1-0

[Event "Steinfurt Bezirksliga 0607"]
[Site "Germany"]
[Date "2007.02.03"]
[Round "6.7"]
[White "Stroot, Helmut"]
[Black "Sandmann, Matthias"]
[Result "1/2-1/2"]
[WhiteElo "1363"]
[BlackElo "1180"]
[PlyCount "72"]
[EventDate "2006.09.09"]
[EventType "team-tourn"]
[EventRounds "9"]
[EventCountry "GER"]
[SourceTitle "EXT 2008"]
[Source "ChessBase"]
[SourceDate "2007.11.25"]
[SourceVersion "1"]
[SourceVersionDate "2007.11.25"]
[SourceQuality "1"]
[WhiteTeam "Rheine CC"]
[BlackTeam "Nordwalde II"]
[WhiteTeamCountry "GER"]
[BlackTeamCountry "GER"]

1. d4 d5 2. Nf3 c5 3. c3 Nc6 4. Bf4 e6 5. e3 Nf6 6. Bb5 Bd6 7. Ne5 Qc7 8. 0-0 0-0 9. Bxc6 bxc6 10. Nd2 Rb8 11. b3 Nd7 12. Ndf3 cxd4 13. cxd4 c5 14. Rc1 Ba6 15. Re1 Nxe5 16. Nxe5 f6 17. Nd3 Bxd3 18. Qxd3 Bxf4 19. exf4 Qxf4 20. dxc5 Rbc8 21. g3 Qb4 22. c6 Rxc6 23. Qe2 Rxc1 24. Qxe6+ Rf7 25. Rxc1 g6 26. Qxd5 Kg7 27. Rc4 Qe1+ 28. Kg2 Re7 29. Rc8 Re5 30. Qg8+ Kh6 31. Qf8+ Kg5 32. f4+ Kg4 33. h3+ Kf5 34. fxe5 Qe2+ 35. Kg1 Qe1+ 36. Kg2 Qe2+ 1/2-1/2

[Event "Steinfurt Bezirksliga 0607"]
[Site "Germany"]
[Date "2006.11.04"]
[Round "3.6"]
[White "Henschen, Daniel"]
[Black "Stroot, Helmut"]
[Result "1-0"]
[WhiteElo "1709"]
[BlackElo "1363"]
[PlyCount "66"]
[EventDate "2006.09.09"]
[EventType "team-tourn"]
[EventRounds "9"]
[EventCountry "GER"]
[SourceTitle "EXT 2008"]
[Source "ChessBase"]
[SourceDate "2007.11.25"]
[SourceVersion "1"]
[SourceVersionDate "2007.11.25"]
[SourceQuality "1"]
[WhiteTeam "Saerbeck II"]
[BlackTeam "Rheine CC"]
[WhiteTeamCountry "GER"]
[BlackTeamCountry "GER"]

1. Nf3 Nf6 2. g3 g6 3. Bg2 Bg7 4. 0-0 d6 5. d4 0-0 6. c4 c6 7. Nc3 Nbd7 8. e4 Qc7 9. Qe2 e5 10. d5 a5 11. Rd1 Ne8 12. Be3 Nc5 13. Ne1 f5 14. Bxc5 dxc5 15. Nd3 cxd5 16. Nxd5 Qd6 17. Qe3 b6 18. exf5 Bxf5 19. Ne7+ Qxe7 20. Bxa8 e4 21. Rd2 Bd4 22. Qe1 Nf6 23. Bd5+ Nxd5 24. cxd5 e3 25. fxe3 Bxe3+ 26. Nf2 Qe4 27. Qf1 Bxd2 28. Nxe4 Be3+ 29. Nf2 Bg4 30. d6 Bxf2+ 31. Qxf2 Rxf2 32. Kxf2 Bd7 33. Re1 g5 1-0